000 00337nam a2200145Ia 4500
008 220216s9999 xx 000 0 und d
100 _aMohankumar S.
245 0 _aHow to check SR price rise
260 _bRubber Asia
_c1994
300 _a53-55
650 _aPrice
650 _aSynthetic rubber
700 _aBabu V.I.
942 _cBS
999 _c52130
_d52130